|
|
|
|
| LEADER |
00000nam a2200000 a 4500 |
| 001 |
vtls001379901 |
| 003 |
SK-MaSNL |
| 005 |
20260331203947.0 |
| 008 |
251124s1998 NL 0 und |
| 035 |
|
|
|a SNK000333880
|
| 040 |
|
|
|a SNK
|b slo
|c SNK
|e AACR2
|
| 044 |
|
|
|a NL
|
| 080 |
|
|
|a 785.11(086.7)
|2 1981
|
| 100 |
1 |
|
|a Ravel, Maurice,
|d 1875-1937
|4 skl
|9 117620
|
| 245 |
1 |
|
|a Daphnis et Chloé ; Bolero
|h zvukový dokument
|c Maurice Ravel
|
| 260 |
|
|
|a B.n.
|b EMI Records
|c 1998
|
| 300 |
|
|
|a 1 kompaktná platňa (74 min. 24 sek.)
|b stereo
|
| 505 |
1 |
|
|a Prvé dielo má 18 častí
|
| 511 |
|
|
|a André Previn, dirigent
|
| 511 |
|
|
|a Účinkuje London Symphony Chorus & Orchestra
|
| 650 |
0 |
7 |
|a symfonická hudba
|2 SNK
|9 68261
|
| 655 |
|
7 |
|a kompaktné platne
|2 SNK
|9 70690
|
| 700 |
1 |
|
|a Previn, André,
|d 1929-2019
|4 dir
|9 183718
|
| 710 |
0 |
|
|a London Symphony Chorus & Orchestra
|4 uci
|9 524266
|
| 999 |
|
|
|c 809116
|d 811046
|
| 952 |
|
|
|t P65, <07>, [BOOK], {657}
|a SNK
|b SNK
|y PREZ
|7 0
|p 17A0222190
|o snkICD 867
|i snkJK 577/99
|0 0
|1 0
|4 0
|d 1999-12-22
|l 0
|r 2005-01-02 00:00:00
|w 2026-02-24
|